Stars Croisées - Statistiques

Statistiques générales
  • Ce quiz a été pris 226 fois
  • Le résultat moyen est 7 sur 8
Statistiques - réponses
Prénom Réponse Nom % Correct
Michael... Jordan ...Bardella
97%
Mireille... Matthieu ...Valbuena
93%
George... Michael ...Jackson
93%
Claude... François ...Cluzet
91%
Patrick... Sébastien ...Loeb
91%
Thierry... Henry ...Becquerel
82%
Pierre... Richard ...Cœur de Lion
77%
Thierry... Rolland ...Macdan
32%
Aucun quiz correspondant
Distribution des résultats
% des personnes avec chaque résultat
Percentile par nombre de réponses
Votre historique - résultats
Vous n’avez pas pris ce quiz